| 000 | 00286 a2200085 4500 | ||
|---|---|---|---|
| 082 | _a338.960048 PRE | ||
| 100 | _aPrennushi, Giovanna | ||
| 245 |
_aChapter 3 Monitoring and Evaluation / _cGiovanna Prennushi, Gloria Rubio, Kalanidhi Subbarao |
||
| 300 |
_a105-462p. : _bill. ; _c30 cm |
||
| 650 | _aMonitoring and Evaluation | ||
| 999 |
_c2122 _d2122 |
||